| 000 | 00814nam a2200265 i 4500 | ||
|---|---|---|---|
| 001 | 66503 | ||
| 003 | ES-MaACL | ||
| 005 | 20250803014908.0 | ||
| 007 | t| | ||
| 008 | 010719s2001 sp ||||0| spa d | ||
| 020 | _a84-921922-5-9 | ||
| 040 |
_aM-BN _bspa _cM-BN |
||
| 080 | _a929 Salas Falgueras, Margarita | ||
| 245 | 0 | 0 | _aHomenaje a Margarita Salas. |
| 260 |
_a[Madrid] : _bFundación Independiente, _c[2001] |
||
| 300 |
_a164 p. : _bil. ; _c31 cm. |
||
| 490 | 1 | _aEspañoles universales | |
| 600 | 1 | 4 |
_aSalas, Margarita- _vHomenajes. _9101740 |
| 650 |
_aCientíficos- _zEspaña. _9149347 |
||
| 700 | 1 |
_aSalas, Margarita. _9101739 |
|
| 710 | 2 |
_aFundación Independiente (Madrid) _94325 |
|
| 830 | 0 |
_aEspañoles universales _9183014 |
|
| 852 |
_aES-MaACL _jL-26983 _bR.132679 |
||
| 999 |
_c66503 _d66503 |
||